LEADER 00981cam0-22003371i-450- 001 990009840830403321 005 20140320132213.0 010 $a88-555-2070-9 035 $a000984083 035 $aFED01000984083 035 $a(Aleph)000984083FED01 035 $a000984083 100 $a20140320d1989----km-y0itaa50------ba 101 0 $aita 102 $aIT 200 1 $aClinica ortopedica$fMario Campanacci$gcon la collaborazione di Roberto Biagini e Laura Campanacci$g[disegni e copertina di Gigliola Gamberini] 205 $a3. ed. 210 $aBologna$cPātron$d1989 215 $a373 p.$cill.$d24 cm 610 0 $aClinica ortopedica 676 $a617.3$v20 700 1$aCampanacci,$bMario$0329440 702 1$aBiagini,$bRoberto 702 1$aCampanacci,$bLaura 801 0$aIT$bUNINA$gREICAT$2UNIMARC 901 $aBK 912 $a990009840830403321 952 $a90 U 9a 9$b603$fFMEBC 959 $aFMEBC 996 $aClinica ortopedica$9826612 997 $aUNINA LEADER 01034nam0-22003131i-450 001 990004134640403321 005 20230802105506.0 035 $a000413464 035 $aFED01000413464 035 $a(Aleph)000413464FED01 100 $a19990604d1974----km-y0itay50------ba 101 1 $afre$cger 102 $aFR 105 $a 001yy 200 1 $a<>debuts de la philosophie bourgeoise de l'histoire$eSuivi de Heleg et le probleme de la metaphisique$fMax Horkheimer$gtraduit de l'allemand par Denis Authier 210 $aParis$cPayot$d1974 215 $a163 p.$d22 cm 225 1 $aCritique de la Politique 700 1$aHorkheimer,$bMax$f<1895?1973>$038184 702 1$aAuthier,$bDenis 801 0$aIT$bUNINA$gRICA$2UNIMARC 901 $aBK 912 $a990004134640403321 952 $aP.1 FG 206$bI.F.M.2780$fFLFBC 952 $aP.1 FG 206 BIS$bST.FIL.4329$fFLFBC 952 $aDFT A92.23 HORM 06$fFLFBC 959 $aFLFBC 996 $aDebuts de la philosophie bourgeoise de l'histoire$9477287 997 $aUNINA